000 00818cam a2200289 a 4500
001 779986
003 ARRUPE
005 20150709020009.0
008 890915c19871971enk b 001 0 eng d
020 _a0334024099
035 _a(OCoLC)16266477
035 _a(OCoLC)ocm16266477
035 _a(CStRLIN)NYCG89-B66503
035 _a(NNC)779986
040 _aNNC
_cNNC
082 _aBR759
_b.C432 1971
100 1 _aChadwick, Owen.
_96683
245 1 4 _aThe Victorian church /
_cby Owen Chadwick.
250 _a3rd ed.
260 _aLondon :
_bSCM Press,
_cc1971.
300 _ax, 606p. ;
_c22 cm.
504 _aIncludes bibliographical references.
505 0 _av. 1. 1829-1859 -- v. 2. 1860-1901.
651 0 _aEngland
_xChurch history
_y19th century.
_96684
942 _2lcc
_cMONOGRAPH
_02
999 _c119577
_d119577